Professional chef (Record no. 395633)

MARC details
000 -LEADER
fixed length control field 00504 a2200205 4500
005 - DATE & TIME
control field 20260412110742.0
008 - FIXED-LENGTH DATA ELEMENTS--GENERAL INFORMATION
fixed length control field 260410b |||||||| |||| 00| 0 eng d
020 ## - ISBN
International Standard Book Number 9781119490951
Price $ 94.95
040 ## - CATALOGING SOURCE
Original cataloging agency VIVEKANANDA LIBRARY
082 ## - DDC NUMBER
Classification number 641.57
Book Number C897P(10)
100 ## - MAIN ENTRY--PERSONAL NAME
Personal name Culinary Institute of America
245 ## - TITLE STATEMENT
Title Professional chef
250 ## - EDITION STATEMENT
Edition statement 10th
260 ## - PUBLICATION, DISTRIBUTION, ETC. (IMPRINT)
Name of publisher, distributor, etc Wiley India
Date of publication, distribution, etc 2024
Place of publication, distribution, etc Croydon
300 ## - PHYSICAL DESCRIPTION
Pages v.
650 ## - Subject
Subject Hotel Management
650 ## - Subject
Subject Food and Drink
650 ## - Subject
Subject Cooking
942 ## - ADDED ENTRY ELEMENTS (KOHA)
Koha item type Books
Holdings
Withdrawn status Lost status Source of classification or shelving scheme Damaged status Not for loan Location (home branch) Sublocation or collection (holding branch) Shelving location Date acquired Koha issues (times borrowed) Koha full call number Accession No. Koha date last seen Koha item type
    Dewey Decimal Classification     VIVEKANANDA LIBRARY VIVEKANANDA LIBRARY IHTM Library 21/01/2026   641.57 C897P(10) 425195 21/01/2026 Books
© Designed and Maintained by Vivekananda Library, MDU Rohtak